[Event "East Detroit (MCO/1)"]
[Site "?"]
[Date "1983.??.??"]
[Round "?"]
[White "Jonik, Henry"]
[Black "Williams, Ron"]
[Result "1/2-1/2"]
[WhiteElo "1760"]
[BlackElo "1605"]
[PlyCount "137"]
[EventDate "1983.??.??"]

1. e4 e5 2. f4 Bc5 3. Nf3 Nc6 4. c3 d6 5. Bb5 a6 6. Bxc6+ bxc6 7. Qa4 Bd7 8. d4
exd4 9. cxd4 Bb6 10. Be3 c5 11. Qd1 Qe7 12. Nc3 Ba5 13. e5 Rb8 14. O-O Bxc3 15.
bxc3 Nh6 16. h3 O-O 17. Re1 cxd4 18. cxd4 d5 19. a4 Nf5 20. Bf2 g6 21. Re2 Rb4
22. g4 Ng7 23. Qc2 Rc8 24. Bh4 Qe8 25. Qc5 Rxa4 26. Rxa4 Bxa4 27. Qxd5 Ne6 28.
Qe4 Bb5 29. Rc2 c6 30. f5 Ng7 31. fxg6 hxg6 32. Bf6 Qe6 33. Rf2 Ne8 34. Bh4 Bc4
35. Ng5 Bd5 36. Qe3 Qe7 37. Nf3 Qf8 38. Nd2 Rb8 39. Ne4 Rb3 40. Qf4 Rxh3 41.
Rh2 Rxh2 42. Qxh2 Qh6 43. Ng5 f6 44. exf6 Nxf6 45. Qb8+ Qf8 46. Qf4 Nh7 47.
Qxf8+ Nxf8 48. Nh3 a5 49. Be7 Ne6 50. Kf2 Kf7 51. Ba3 Nxd4 52. Bb2 Nb5 53. Ke3
c5 54. Nf4 Be6 55. Nd3 c4 56. Ne5+ Ke8 57. g5 c3 58. Ba1 Bf5 59. Nc6 a4 60. Nd4
Nxd4 61. Kxd4 c2 62. Bb2 Kd8 63. Kc4 Be6+ 64. Kd4 Ke7 65. Ba3+ Kf7 66. Kc3 Bb3
67. Kb4 Ke6 68. Kc3 Ke5 69. Bc1 1/2-1/2

[Event "East Detroit (MCO/5)"]
[Site "?"]
[Date "1983.??.??"]
[Round "?"]
[White "Jonik, Henry"]
[Black "Pope, T.."]
[Result "1-0"]
[WhiteElo "1760"]
[BlackElo "1620"]
[PlyCount "87"]
[EventDate "1983.??.??"]

1. e4 e5 2. f4 exf4 3. Nf3 d6 4. Bc4 Bg4 5. O-O Nf6 6. e5 dxe5 7. Bxf7+ Ke7 8.
Bb3 Ke8 9. h3 Bxf3 10. Qxf3 Nc6 11. c3 Na5 12. Bc2 c5 13. d3 Qc7 14. Nd2 g6 15.
Ne4 Nxe4 16. Qxe4 Qe7 17. Bd2 Bg7 18. Rae1 Bf6 19. Qa4+ Nc6 20. Bxf4 Kf7 21.
Bh6 Rhd8 22. Rxf6+ Qxf6 23. Rf1 Qxf1+ 24. Kxf1 Kf6 25. Qh4+ Ke6 26. Bb3+ Kd6
27. Qf6+ Kc7 28. Ba4 Rd6 29. Qf3 a6 30. Qg3 b5 31. Bc2 g5 32. Bg7 h6 33. Bxe5
Rf8+ 34. Kg1 Nxe5 35. Qxe5 Kc6 36. d4 cxd4 37. Be4+ Kd7 38. Qg7+ Ke8 39. Bg6+
Rxg6 40. Qxg6+ Kd7 41. cxd4 Rc8 42. Qxa6 Rb8 43. d5 Re8 44. Qxb5+ 1-0

[Event "East Detroit (MCO/3)"]
[Site "?"]
[Date "1983.??.??"]
[Round "?"]
[White "Jonik, Henry"]
[Black "Nolan, Michael"]
[Result "0-1"]
[WhiteElo "1760"]
[BlackElo "1605"]
[PlyCount "91"]
[EventDate "1983.??.??"]

1. e4 Nf6 2. e5 Nd5 3. c4 Nb6 4. b3 c5 5. Bb2 d6 6. f4 dxe5 7. fxe5 Bf5 8. Nf3
e6 9. Be2 Be7 10. O-O O-O 11. Na3 Nc6 12. Nc2 Nd7 13. Qe1 Bxc2 14. d3 Nb4 15.
Qc3 Nb8 16. a3 Nxd3 17. Qxc2 Nxb2 18. Qxb2 Nc6 19. Rad1 Qc7 20. Bd3 Rad8 21.
Qe2 Nd4 22. Qe4 g6 23. Ne1 Nxb3 24. h4 Rd4 25. Qe3 Na5 26. Nf3 Rd7 27. h5 Nc6
28. Rde1 Nd4 29. Nh2 Qd8 30. Ng4 Bg5 31. Qh3 Nc6 32. hxg6 fxg6 33. Rxf8+ Qxf8
34. Rf1 Rf7 35. Re1 Qd8 36. Nf2 Qd4 37. Re2 Bf4 38. g3 Be3 39. Rxe3 Qxe3 40.
Qg2 Nxe5 41. Be4 Qe1+ 42. Qf1 Qxf1+ 43. Kxf1 Ng4 44. Bxb7 Rxf2+ 45. Ke1 Ra2 46.
Bf3 0-1

[Event "East Detroit (MCO/5)"]
[Site "?"]
[Date "1983.??.??"]
[Round "?"]
[White "Johnson, Kirk"]
[Black "Turner, Darrell"]
[Result "0-1"]
[WhiteElo "1650"]
[BlackElo "1830"]
[PlyCount "55"]
[EventDate "1983.??.??"]

1. e4 c6 2. d4 d5 3. Nc3 dxe4 4. Nxe4 Bf5 5. Ng3 Bg6 6. Nf3 Nd7 7. Be2 e6 8.
O-O Qc7 9. Be3 Ngf6 10. Qd2 Nd5 11. c3 O-O-O 12. a3 Nxe3 13. Qxe3 Nf6 14. Nh4
Be7 15. Nxg6 hxg6 16. Bf3 Kb8 17. b4 Nd5 18. Bxd5 Rxd5 19. c4 Rdd8 20. c5 Bf6
21. Rfd1 Rh4 22. d5 exd5 23. Ra2 g5 24. h3 g6 25. Re2 g4 26. hxg4 Rdh8 27. f4
Rxg4 28. Nf5 0-1

[Event "East Detroit (MCO/1)"]
[Site "?"]
[Date "1983.??.??"]
[Round "?"]
[White "Johnson, Kirk"]
[Black "Noren, Kevin"]
[Result "0-1"]
[WhiteElo "1650"]
[BlackElo "2200"]
[PlyCount "70"]
[EventDate "1983.??.??"]

1. e4 c5 2. d3 Nc6 3. f4 Nf6 4. Nf3 d5 5. e5 Ng8 6. Be2 Bg4 7. O-O e6 8. Be3
Nh6 9. Nbd2 Nf5 10. Bf2 h5 11. h3 Bxf3 12. Bxf3 h4 13. Bg4 g6 14. Bxf5 gxf5 15.
c3 Be7 16. Nf3 a6 17. d4 cxd4 18. Nxd4 Nxd4 19. Bxd4 Qc7 20. Qd2 O-O-O 21. Kf2
Rdg8 22. b3 Kb8 23. Rac1 Qc6 24. Rg1 Rg3 25. Kf1 Rhg8 26. Bf2 Bc5 27. Bxg3 Rxg3
28. Rc2 Be3 29. Qe2 Bxg1 30. Kxg1 Rxc3 31. Rxc3 Qxc3 32. Qf2 d4 33. Kf1 d3 34.
Qe1 d2 35. Qd1 Qe3 0-1

[Event "East Detroit (MCO/1)"]
[Site "?"]
[Date "1983.??.??"]
[Round "?"]
[White "Johnson, B.."]
[Black "Jarosz, Stan"]
[Result "0-1"]
[WhiteElo "1605"]
[BlackElo "1935"]
[PlyCount "106"]
[EventDate "1983.??.??"]

1. d4 d5 2. c4 e6 3. Nf3 Nf6 4. Bg5 Be7 5. Nc3 h6 6. Bxf6 Bxf6 7. Qa4+ c6 8. e3
O-O 9. cxd5 exd5 10. Qc2 Nd7 11. Bd3 Re8 12. O-O Nf8 13. Bf5 Bxf5 14. Qxf5 g6
15. Qh3 Kg7 16. Rac1 Ne6 17. Qg3 Ng5 18. Nd2 h5 19. f4 Ne4 20. Ndxe4 dxe4 21.
Qf2 Rc8 22. Rfd1 Qe7 23. Qc2 Qb4 24. a3 Qe7 25. Qb3 b5 26. d5 cxd5 27. Nxd5 Qe6
28. Rxc8 Rxc8 29. Qxb5 Rc2 30. Nxf6 Qxf6 31. Rb1 Qd6 32. Qe5+ Qxe5 33. fxe5 g5
34. b4 Ra2 35. Rb3 Kg6 36. h3 Kf5 37. e6 Kxe6 38. Rc3 Kd6 39. g4 h4 40. Rc4
Rxa3 41. Rxe4 Ra2 42. Rc4 a6 43. Rc5 f6 44. e4 Ra4 45. Rf5 Ke6 46. b5 axb5 47.
Rxb5 Rxe4 48. Rf5 Rf4 49. Rxf4 gxf4 50. Kf2 Kd5 51. Kf3 Ke5 52. Kf2 Ke4 53. Ke2
f3+ 0-1

[Event "East Detroit (MCO/5)"]
[Site "?"]
[Date "1983.??.??"]
[Round "?"]
[White "Johnson, B.."]
[Black "Collins, Charles"]
[Result "1-0"]
[WhiteElo "1605"]
[BlackElo "1605"]
[PlyCount "39"]
[EventDate "1983.??.??"]

1. d4 Nf6 2. c4 e6 3. Nc3 Bb4 4. Qc2 c5 5. a3 Ba5 6. dxc5 Nc6 7. e3 O-O 8. b4
Bc7 9. Nf3 Re8 10. Bb2 Ne5 11. Nb5 Nxf3+ 12. gxf3 Bb8 13. O-O-O d5 14. cxd6 a6
15. Nc7 Bxc7 16. dxc7 Qe7 17. Be5 b5 18. c5 Bb7 19. c6 Bc8 20. Rd6 1-0

[Event "Ann Arbor (MI Op/2)"]
[Site "?"]
[Date "1983.??.??"]
[Round "?"]
[White "Jarosz, Stan"]
[Black "Rogan, M.."]
[Result "1/2-1/2"]
[WhiteElo "1970"]
[BlackElo "2135"]
[PlyCount "93"]
[EventDate "1983.??.??"]

1. d4 Nf6 2. Nf3 g6 3. c4 d5 4. Nc3 Bg7 5. Bg5 Ne4 6. cxd5 Nxc3 7. bxc3 Qxd5 8.
e3 c5 9. Be2 cxd4 10. cxd4 Qa5+ 11. Qd2 Qxd2+ 12. Kxd2 Nc6 13. Bb5 Bd7 14. Rhc1
h6 15. Bf4 g5 16. Bg3 O-O 17. Rc5 a6 18. Bxc6 Bxc6 19. Rac1 Rad8 20. Ke1 f5 21.
Be5 f4 22. exf4 Bxf3 23. Bxg7 Kxg7 24. gxf3 Rxf4 25. Rc7 Kf6 26. Rxb7 Rfxd4 27.
Rc6+ R8d6 28. Rxd6+ Rxd6 29. Kf1 e6 30. Rb4 a5 31. Ra4 Rd5 32. Kg2 Ke5 33. Kg3
Kd6 34. Kg4 Kc6 35. Re4 e5 36. Kh5 Rd2 37. Kxh6 Rxa2 38. Kxg5 a4 39. h4 a3 40.
Ra4 Kb5 41. Ra8 Kb4 42. h5 Rxf2 43. h6 Rxf3 44. h7 Rh3 45. h8=Q Rxh8 46. Rxh8
a2 47. Ra8 1/2-1/2

[Event "East Detroit (MCO/4)"]
[Site "?"]
[Date "1983.??.??"]
[Round "?"]
[White "Jarosz, Stan"]
[Black "Johnson, Kirk"]
[Result "1/2-1/2"]
[WhiteElo "1935"]
[BlackElo "1650"]
[PlyCount "99"]
[EventDate "1983.??.??"]

1. c4 e5 2. Nc3 Nf6 3. Nf3 Nc6 4. g3 Bc5 5. Bg2 O-O 6. O-O d6 7. e3 Bg4 8. h3
Bd7 9. d4 exd4 10. exd4 Bb6 11. d5 Ne7 12. b3 Ng6 13. Bb2 Qc8 14. Kh2 Re8 15.
Ng5 h6 16. Nge4 Nxe4 17. Nxe4 Bf5 18. Nd2 Bd3 19. f4 Bxf1 20. Qxf1 Be3 21. Qd3
Bxd2 22. Qxd2 Qf5 23. Rf1 Nf8 24. g4 Qd7 25. g5 hxg5 26. fxg5 Ng6 27. Qd4 Re5
28. h4 Rf8 29. h5 Nh8 30. Qf4 f6 31. Bh3 Re2+ 32. Rf2 Rxf2+ 33. Qxf2 f5 34. h6
gxh6 35. gxh6 Qh7 36. Qg3+ Ng6 37. Qg5 Qf7 38. Bg7 Re8 39. Bxf5 Kh7 40. Qh5 Re1
41. Qf3 Re8 42. Qd3 Re7 43. Kg1 Re8 44. Bxg6+ Qxg6+ 45. Qxg6+ Kxg6 46. Kf2 Re4
47. Kf1 Rh4 48. Kg2 Re4 49. Kf1 Rh4 50. Kg2 1/2-1/2

[Event "Ann Arbor (MI Op/4)"]
[Site "?"]
[Date "1983.??.??"]
[Round "?"]
[White "Jarosz, Stan"]
[Black "Gabbara, Faris"]
[Result "1-0"]
[WhiteElo "1970"]
[BlackElo "2110"]
[PlyCount "73"]
[EventDate "1983.??.??"]

1. d4 d6 2. c4 g6 3. Nc3 Bg7 4. e4 c6 5. Be2 a6 6. a4 b6 7. Nf3 Qc7 8. O-O Bb7
9. Bg5 Nd7 10. Re1 Ngf6 11. Bf1 e5 12. d5 c5 13. Rb1 h6 14. Bh4 g5 15. Bg3 h5
16. h4 g4 17. Nd2 Bh6 18. b4 Bf4 19. Bxf4 exf4 20. bxc5 bxc5 21. e5 Nxe5 22.
Nde4 Nxe4 23. Nxe4 O-O-O 24. Qb3 Rhg8 25. Nxd6+ Rxd6 26. Rxe5 f6 27. Rxh5 g3
28. f3 Rgd8 29. Bd3 Qe7 30. Be4 Rf8 31. Rh7 Rf7 32. Rh8+ Rd8 33. Bf5+ Kb8 34.
Qxb7+ Qxb7 35. Rxd8+ Ka7 36. Rxb7+ Rxb7 37. Rd7 1-0

[Event "East Detroit (MCO/5)"]
[Site "?"]
[Date "1983.??.??"]
[Round "?"]
[White "Jarosz, Stan"]
[Black "Foord, Allan"]
[Result "1-0"]
[WhiteElo "1935"]
[BlackElo "1660"]
[PlyCount "31"]
[EventDate "1983.??.??"]

1. d4 Nf6 2. Nf3 d5 3. c4 e6 4. Nc3 Bb4 5. e3 Bd7 6. Bd3 dxc4 7. Bxc4 b5 8. Bd3
a6 9. O-O c5 10. dxc5 Bxc5 11. e4 b4 12. Ne2 O-O 13. e5 Ne8 14. Bxh7+ Kxh7 15.
Ng5+ Kg8 16. Qd3 1-0

[Event "East Detroit (MCO/2)"]
[Site "?"]
[Date "1983.??.??"]
[Round "?"]
[White "Jarosz, Stan"]
[Black "Becker, A.."]
[Result "1-0"]
[WhiteElo "1935"]
[BlackElo "1650"]
[PlyCount "151"]
[EventDate "1983.??.??"]

1. c4 c5 2. Nf3 Nc6 3. Nc3 e6 4. d4 cxd4 5. Nxd4 g6 6. e4 Bg7 7. Be3 Nge7 8.
Be2 O-O 9. Qd2 d5 10. cxd5 exd5 11. Nxc6 bxc6 12. Rd1 Be6 13. O-O f5 14. exd5
Nxd5 15. Nxd5 Bxd5 16. b3 Re8 17. Bc4 Bxc4 18. bxc4 a5 19. g3 Qe7 20. Qd6 Qe4
21. Qf4 Qxf4 22. Bxf4 Re4 23. Rd7 c5 24. Rb1 Re2 25. Be3 Rb2 26. Rxb2 Bxb2 27.
Bxc5 Rc8 28. Bd4 Bxd4 29. Rxd4 Kg7 30. Kf1 Kf6 31. Ke2 Rb8 32. f4 h5 33. h4 Ke6
34. Kd1 Rb4 35. Kc2 Ra4 36. Kb3 Rb4+ 37. Kc3 Ra4 38. c5 Rxa2 39. c6 Ra1 40. Kb2
Rg1 41. Rd3 Rg2+ 42. Kc3 Rg1 43. Kc4 Rc1+ 44. Kb5 a4 45. Kb6 Rb1+ 46. Kc7 Rc1
47. Kb7 Rb1+ 48. Kc8 Rb3 49. Rxb3 axb3 50. Kd8 b2 51. c7 Kd6 52. c8=Q b1=Q 53.
Qa6+ Kc5 54. Qxg6 Qb8+ 55. Ke7 Qc7+ 56. Kf6 Qd6+ 57. Kg5 Qd1 58. Qxf5+ Kb4 59.
Qe4+ Kc5 60. Qe5+ Kc6 61. Qe8+ Kc7 62. Qxh5 Qd8+ 63. Kf5 Qd5+ 64. Kg6 Qg8+ 65.
Kf6 Qd8+ 66. Kg7 Qd3 67. Qf7+ Kd8 68. Qf8+ Kd7 69. Qf7+ Kd8 70. Qg6 Qd7+ 71.
Kh6 Qh3 72. f5 Ke7 73. f6+ Ke6 74. f7+ Ke7 75. Kg7 Qc8 76. Qf6+ 1-0

[Event "Ann Arbor (MI Op/6)"]
[Site "?"]
[Date "1983.??.??"]
[Round "?"]
[White "Jarosz, Stan"]
[Black "Arganian, David G"]
[Result "0-1"]
[WhiteElo "1970"]
[BlackElo "2095"]
[PlyCount "72"]
[EventDate "1983.??.??"]

1. d4 Nf6 2. Nf3 e6 3. c4 Bb4+ 4. Bd2 a5 5. a3 Bxd2+ 6. Qxd2 d6 7. Nc3 Nbd7 8.
g3 e5 9. Bg2 O-O 10. O-O exd4 11. Qxd4 Nc5 12. Nd2 a4 13. Rfb1 Re8 14. b4 axb3
15. Nxb3 Na4 16. Nxa4 Rxa4 17. Qd3 Qe7 18. Nd4 c6 19. Nxc6 bxc6 20. Bxc6 Bd7
21. Rb7 Qe5 22. Bxd7 Qxa1+ 23. Rb1 Qxa3 24. Bxa4 Qxa4 25. Qxd6 Qxc4 26. e3 Qe6
27. Qc7 Qd7 28. Qf4 h6 29. h4 Qg4 30. Qd6 Ne4 31. Qc6 Rc8 32. Qb7 Rc2 33. Qa8+
Kh7 34. Rb8 Qd1+ 35. Kh2 Rxf2+ 36. Kh3 Qh1+ 0-1

[Event "East Detroit (MCO/4)"]
[Site "?"]
[Date "1983.??.??"]
[Round "?"]
[White "Jackson, J.."]
[Black "Lehotzky, Attila"]
[Result "0-1"]
[WhiteElo "1840"]
[BlackElo "2070"]
[PlyCount "110"]
[EventDate "1983.??.??"]

1. e4 c5 2. Nf3 Nc6 3. d4 cxd4 4. Nxd4 a6 5. Nc3 d6 6. Be3 Nf6 7. Be2 e5 8. Nb3
Be7 9. O-O O-O 10. f4 b5 11. Bf3 exf4 12. Bxf4 Ne5 13. Bxe5 dxe5 14. Qxd8 Rxd8
15. Nd5 Nxd5 16. exd5 Ra7 17. Rfe1 f6 18. Na5 Bc5+ 19. Kf1 Rc7 20. c3 Bf5 21.
Rad1 Rd6 22. Nb3 Bb6 23. g4 Bg6 24. h4 Rc4 25. h5 Bf7 26. Rd3 Rf4 27. Kg2 Be6
28. Kg3 Bxg4 29. Bxg4 Bf2+ 30. Kg2 Bxe1 31. Be6+ Kf8 32. Nc5 Rf2+ 33. Kg1 Rd2
34. Rxd2 Bxd2 35. Kf1 Ke7 36. Ne4 Rxe6 37. dxe6 Be3 38. Ke2 Bb6 39. Kd3 Kxe6
40. c4 bxc4+ 41. Kxc4 h6 42. b4 f5 43. Nc3 f4 44. Ne4 f3 45. Kd3 Kd5 46. Nc3+
Ke6 47. Ne4 Bd4 48. Nd2 Kd5 49. a4 f2 50. Ke2 e4 51. b5 axb5 52. axb5 e3 53.
Nb3 Bb6 54. Nc1 Kc4 55. Nd3 f1=Q+ 0-1

[Event "East Detroit (MCO/2)"]
[Site "?"]
[Date "1983.??.??"]
[Round "?"]
[White "Jackson, J.."]
[Black "Kavnatsky, V.."]
[Result "0-1"]
[WhiteElo "1840"]
[BlackElo "2285"]
[PlyCount "56"]
[EventDate "1983.??.??"]

1. e4 c5 2. Nf3 e6 3. d4 cxd4 4. Nxd4 Nf6 5. Nc3 d6 6. Be3 Nc6 7. Nb3 Be7 8.
Be2 a6 9. O-O b5 10. a3 Bb7 11. f3 Rc8 12. Qe1 O-O 13. Rd1 Qc7 14. Qg3 Kh8 15.
Rd2 b4 16. Na4 bxa3 17. bxa3 Ne5 18. Nb6 Rb8 19. Rfd1 Bxe4 20. fxe4 Nxe4 21.
Qe1 Rxb6 22. Bxb6 Qxb6+ 23. Nd4 Bg5 24. Rd3 Nxd3 25. Rxd3 e5 26. Bf3 f5 27.
Bxe4 fxe4 28. Qxe4 Qb1+ 0-1

[Event "East Detroit (MCO/6)"]
[Site "?"]
[Date "1983.??.??"]
[Round "?"]
[White "Jackson, J.."]
[Black "Johnson, Kirk"]
[Result "1-0"]
[WhiteElo "1840"]
[BlackElo "1650"]
[PlyCount "65"]
[EventDate "1983.??.??"]

1. e4 e5 2. Nf3 Nc6 3. Bc4 Bc5 4. c3 d6 5. d4 exd4 6. cxd4 Bb6 7. O-O Nf6 8.
Nc3 O-O 9. Bg5 Qe7 10. Nd5 Qd8 11. Nxf6+ gxf6 12. Bh6 Bg4 13. Bxf8 Qxf8 14. Qd3
Bxf3 15. Qxf3 Bxd4 16. Rab1 Qe7 17. Bd5 Qd7 18. Rfd1 Be5 19. Bxc6 Qxc6 20. Qg4+
Kh8 21. b3 Qe8 22. f4 Bc3 23. Rbc1 Ba5 24. Qf5 Bb6+ 25. Kh1 Kg8 26. Rd3 Kf8 27.
Qxh7 Ke7 28. e5 fxe5 29. fxe5 Rc8 30. e6 Qg8 31. Qxf7+ Qxf7 32. exf7 Kxf7 33.
Re1 1-0

[Event "East Detroit (MCO/3)"]
[Site "?"]
[Date "1983.??.??"]
[Round "?"]
[White "Jackson, C.."]
[Black "Short, T.."]
[Result "1-0"]
[WhiteElo "1605"]
[BlackElo "1605"]
[PlyCount "119"]
[EventDate "1983.??.??"]

1. d4 e6 2. c4 c5 3. Nf3 Nf6 4. Nc3 a6 5. e4 d6 6. Bd3 Be7 7. O-O O-O 8. e5 Ne8
9. Bf4 Nc6 10. Qc2 g6 11. Bh6 Nb4 12. Qd2 Ng7 13. Qe3 b6 14. Rad1 d5 15. Bb1
Bb7 16. a3 Nc6 17. cxd5 exd5 18. dxc5 Bxc5 19. Nd4 Bxd4 20. Rxd4 Nxd4 21. Qxd4
Nf5 22. Bxf5 gxf5 23. Bxf8 Qxf8 24. Nxd5 Rd8 25. Nf6+ Kh8 26. Qxb6 Qe7 27. f4
Rd2 28. Rf3 Bxf3 29. gxf3 Qf8 30. Nh5 Qg8+ 31. Ng3 Qg6 32. Qb4 Rd1+ 33. Kf2 Rd5
34. Qc3 Qb6+ 35. Kg2 Qd4 36. Qc8+ Rd8 37. Qxf5 Qxb2+ 38. Kh3 Qb6 39. Qxf7 Qh6+
40. Qh5 Qxh5+ 41. Nxh5 Rd3 42. Kg4 Rxa3 43. e6 Kg8 44. f5 Kf8 45. f4 Re3 46.
Kg5 a5 47. Nf6 a4 48. Nxh7+ Ke7 49. Nf6 Rd3 50. Ng8+ Ke8 51. f6 a3 52. f7+ Kf8
53. Kf6 Rd6 54. Ke5 Ra6 55. Nf6 a2 56. Nd7+ Kg7 57. f8=Q+ Kg6 58. Qf6+ Kh7 59.
Nf8+ Kg8 60. Qf7+ 1-0

[Event "East Detroit (MCO/6)"]
[Site "?"]
[Date "1983.??.??"]
[Round "?"]
[White "Jackson, C.."]
[Black "Jordan, Willie"]
[Result "1-0"]
[WhiteElo "1605"]
[BlackElo "1605"]
[PlyCount "91"]
[EventDate "1983.??.??"]

1. d4 d5 2. c4 Nf6 3. Nc3 e6 4. Bg5 Be7 5. Nf3 h6 6. Bf4 c6 7. e3 Qa5 8. cxd5
exd5 9. Bd3 Bg4 10. O-O Nbd7 11. Rc1 g5 12. Bg3 Nh5 13. Be2 Nxg3 14. fxg3 O-O-O
15. Nd2 Be6 16. Nb3 Qc7 17. Nb5 Qb8 18. Qd2 Nb6 19. Qa5 Nc4 20. Bxc4 dxc4 21.
Nxa7+ Kd7 22. Nc5+ Bxc5 23. dxc5 Ke7 24. Qa4 Qe5 25. Nxc6+ bxc6 26. Qxc6 Rhe8
27. Qf3 Rd3 28. Rcd1 Rxe3 29. Qb7+ Kf8 30. c6 Rb8 31. Qa7 Rc8 32. Qb7 Qc7 33.
Qxc7 Rxc7 34. Rd6 Rd3 35. Rxe6 Rd2 36. Rxh6 Rxb2 37. Rc1 Re7 38. Rf6 Ree2 39.
c7 Rxg2+ 40. Kf1 Rxh2 41. c8=Q+ Kg7 42. Qc6 Rxa2 43. Rf5 Rh6 44. Rxg5+ Kh7 45.
Qe4+ Kh8 46. Qe8+ 1-0

[Event "East Detroit (MCO/4)"]
[Site "?"]
[Date "1983.??.??"]
[Round "?"]
[White "Jackson, C.."]
[Black "Haakonstad, Olaf"]
[Result "1-0"]
[WhiteElo "1605"]
[BlackElo "1605"]
[PlyCount "85"]
[EventDate "1983.??.??"]

1. d4 Nf6 2. c4 e6 3. Nc3 Bb4 4. a3 Bxc3+ 5. bxc3 d5 6. e3 b6 7. cxd5 exd5 8.
Bd3 O-O 9. c4 Ba6 10. cxd5 Bxd3 11. Qxd3 Qxd5 12. Nf3 c5 13. Bb2 c4 14. Qc2 Nc6
15. O-O Rac8 16. Rad1 Na5 17. Rfe1 Ne4 18. Nd2 f5 19. f3 Nd6 20. e4 fxe4 21.
fxe4 Qc6 22. Nf3 c3 23. Ba1 Nf7 24. Rd3 Rc7 25. Bxc3 Rfc8 26. Ree3 Nc4 27. Re1
Nxa3 28. Qe2 Qb5 29. Bd2 Rc2 30. Rxa3 Qb2 31. Rxa7 Rc1 32. Bxc1 Qxe2 33. Rxe2
Rxc1+ 34. Kf2 Nd6 35. Ne5 h6 36. Ra8+ Kh7 37. Rd8 Nb5 38. d5 Nc3 39. Rc8 Nxe4+
40. Rxe4 Rxc8 41. Nc6 Rc7 42. Ke3 b5 43. Kd4 1-0

[Event "Ann Arbor (MI Op/2)"]
[Site "?"]
[Date "1983.??.??"]
[Round "?"]
[White "Ivanov, S.."]
[Black "Marfia, J.."]
[Result "1-0"]
[WhiteElo "2050"]
[BlackElo "2185"]
[PlyCount "71"]
[EventDate "1983.??.??"]

1. e4 c5 2. Nf3 Nc6 3. d4 cxd4 4. Nxd4 Nf6 5. Nc3 e5 6. Nf5 d5 7. Bg5 dxe4 8.
Qxd8+ Nxd8 9. Bxf6 Bxf5 10. Bxe5 Nc6 11. Bb5 O-O-O 12. Bf4 Nd4 13. O-O-O Bb4
14. Bc4 Bxc3 15. bxc3 Ne6 16. Be3 b6 17. h3 h5 18. a4 Rxd1+ 19. Rxd1 Rd8 20.
Bd5 Rd7 21. c4 f6 22. Kb2 g5 23. a5 bxa5 24. Ra1 Nf4 25. Rxa5 Nxg2 26. Bxa7 Nf4
27. Rc5+ Rc7 28. Ra5 Nxd5 29. cxd5 Bxh3 30. Bd4 Rb7+ 31. Ka3 Bf1 32. Bxf6 g4
33. Be5 Rb5 34. Rxb5 Bxb5 35. Kb4 Bd7 36. Bg3 1-0

[Event "Ann Arbor (MI Op/7)"]
[Site "?"]
[Date "1983.??.??"]
[Round "?"]
[White "Ivanov, S.."]
[Black "Kulbacki, James"]
[Result "1-0"]
[WhiteElo "2050"]
[BlackElo "1910"]
[PlyCount "26"]
[EventDate "1983.??.??"]

1. e4 e6 2. d4 d5 3. Nc3 Nf6 4. Bg5 Bb4 5. e5 h6 6. Bd2 Bxc3 7. bxc3 Ne4 8. Qg4
g6 9. Bd3 Nxd2 10. Kxd2 c5 11. dxc5 Nd7 12. Nf3 Nxc5 13. Rhe1 Nxd3 1-0

[Event "Ann Arbor (MI Op/6)"]
[Site "?"]
[Date "1983.??.??"]
[Round "?"]
[White "Ivanov, S.."]
[Black "Kensek, R.."]
[Result "0-1"]
[WhiteElo "2050"]
[BlackElo "2195"]
[PlyCount "74"]
[EventDate "1983.??.??"]

1. e4 c5 2. Nf3 d6 3. d4 cxd4 4. Nxd4 Nf6 5. Nc3 a6 6. Be2 e6 7. Be3 Be7 8. f4
Qc7 9. O-O Nc6 10. Qe1 Bd7 11. Qg3 O-O 12. Nxc6 Bxc6 13. e5 dxe5 14. fxe5 Ne4
15. Nxe4 Bxe4 16. Bd3 Bg6 17. Bxg6 hxg6 18. Bg5 Rad8 19. Bxe7 Qxe7 20. Qe3 Rd5
21. c4 Qc5 22. Qxc5 Rxc5 23. b3 Rxe5 24. Rad1 b5 25. cxb5 axb5 26. Rd7 Rf5 27.
Rc1 Ra8 28. Rc2 Kh7 29. Rb7 f6 30. g4 Rd5 31. Kg2 Rad8 32. Rcc7 Rd2+ 33. Kf3
R8d3+ 34. Kf4 Rf2+ 35. Ke4 Rff3 36. Rxg7+ Kh6 37. h4 Rfe3+ 0-1

[Event "Ann Arbor (MI Op/4)"]
[Site "?"]
[Date "1983.??.??"]
[Round "?"]
[White "Ivanov, S.."]
[Black "Gregor, P.."]
[Result "1/2-1/2"]
[WhiteElo "2050"]
[BlackElo "2220"]
[PlyCount "77"]
[EventDate "1983.??.??"]

1. e4 d6 2. d4 Nf6 3. Nc3 g6 4. Nf3 Bg7 5. Bc4 O-O 6. O-O Bg4 7. h3 Bxf3 8.
Qxf3 Nc6 9. Rd1 Nd7 10. Ne2 e5 11. c3 Kh8 12. Qg3 f5 13. Bg5 Qe8 14. exf5 gxf5
15. f4 e4 16. d5 Ne7 17. Nd4 Bxd4+ 18. cxd4 Nb6 19. Be2 Nbxd5 20. Qh4 Ng6 21.
Qh6 Qf7 22. Bc4 c6 23. Rac1 Qg7 24. Bxd5 cxd5 25. Rc3 Rac8 26. Rdc1 Qxd4+ 27.
Kh2 Rxc3 28. Rxc3 Qg7 29. Qh5 Qf7 30. Bh6 d4 31. Rg3 Re8 32. Rg5 e3 33. Rxf5
Qd7 34. Rf6 e2 35. f5 e1=Q 36. fxg6 hxg6 37. Bg7+ Kxg7 38. Qxg6+ Kh8 39. Qh6+
1/2-1/2

[Event "East Detroit (MCO/2)"]
[Site "?"]
[Date "1983.??.??"]
[Round "?"]
[White "Holmes, J.."]
[Black "Thornton, Ivan"]
[Result "1-0"]
[WhiteElo "1680"]
[BlackElo "1605"]
[PlyCount "93"]
[EventDate "1983.??.??"]

1. e4 e5 2. Nc3 Bc5 3. Nf3 Nf6 4. Nxe5 Nc6 5. Nxc6 dxc6 6. Be2 b5 7. d3 b4 8.
Na4 Bd4 9. c3 bxc3 10. Nxc3 Bxc3+ 11. bxc3 O-O 12. O-O Ba6 13. Be3 Qe7 14. Qc2
c5 15. Rab1 c4 16. f3 cxd3 17. Bxd3 Bxd3 18. Qxd3 Qa3 19. Qc4 Rfc8 20. Bc5 Qa5
21. Bb4 Qb6+ 22. Qc5 Qe6 23. c4 Nd7 24. Qd5 Qb6+ 25. c5 Qe6 26. Qxe6 fxe6 27.
Rfd1 Ne5 28. Bc3 Nc4 29. Rd7 e5 30. Rb4 Nb6 31. cxb6 cxb6 32. Bxe5 Rc1+ 33. Kf2
Rc2+ 34. Kg3 g6 35. Rg7+ Kf8 36. Rxh7 Re8 37. Bd6+ Kg8 38. Rxa7 Rc6 39. e5 g5
40. Rg4 b5 41. Rxg5+ Kh8 42. Rh5+ Kg8 43. Rhh7 Rxd6 44. exd6 Rd8 45. Rag7+ Kf8
46. Rd7 Rxd7 47. Rxd7 1-0

[Event "East Detroit (MCO/6)"]
[Site "?"]
[Date "1983.??.??"]
[Round "?"]
[White "Holmes, J.."]
[Black "Groeller, W.."]
[Result "0-1"]
[WhiteElo "1680"]
[BlackElo "2035"]
[PlyCount "52"]
[EventDate "1983.??.??"]

1. e4 c5 2. Nf3 Nc6 3. d4 cxd4 4. Nxd4 Nf6 5. Nc3 e5 6. Nxc6 bxc6 7. Bc4 Bb4 8.
Qf3 O-O 9. O-O Qc7 10. Bg5 Be7 11. Bb3 d6 12. Rfe1 Ne8 13. Bxe7 Qxe7 14. Qd3
Nc7 15. h3 Be6 16. Rad1 Bxb3 17. axb3 Rad8 18. Qg3 f5 19. f4 Rde8 20. exf5 Rxf5
21. fxe5 dxe5 22. Ne4 Rf4 23. Qc3 c5 24. Nd6 Ref8 25. Qxe5 Rf1+ 26. Kh2 Qxe5+
0-1

[Event "East Detroit (MCO/4)"]
[Site "?"]
[Date "1983.??.??"]
[Round "?"]
[White "Holmes, J.."]
[Black "Dangremond, Leonard"]
[Result "1/2-1/2"]
[WhiteElo "1680"]
[BlackElo "1935"]
[PlyCount "124"]
[EventDate "1983.??.??"]

1. e4 e5 2. Nc3 Nc6 3. g3 Bc5 4. Bg2 d6 5. Na4 Bb6 6. Nxb6 axb6 7. d3 Nf6 8.
Ne2 Be6 9. O-O O-O 10. f4 exf4 11. Nxf4 Qe7 12. Nd5 Bxd5 13. exd5 Ne5 14. Bg5
Ned7 15. Re1 Qd8 16. Qd2 h6 17. Bxh6 gxh6 18. Qxh6 Nh7 19. Be4 f5 20. Qg6+ Kh8
21. Bxf5 Ndf6 22. Re6 Qd7 23. Rxf6 Rxf6 24. Qxf6+ Nxf6 25. Bxd7 Nxd7 26. Re1
Ne5 27. Ra1 Kg7 28. a3 Ra5 29. Kg2 Rxd5 30. Re1 Rc5 31. Re2 Ng4 32. Kf3 Ne5+
33. Ke4 Nc6 34. d4 d5+ 35. Kd3 Rc4 36. c3 Ra4 37. Re8 Kf6 38. Rc8 Ra7 39. Rxc7
Ne7 40. c4 dxc4+ 41. Rxc4 Nc6 42. Ke4 Ra8 43. d5 Re8+ 44. Kf4 Ne7 45. Rd4 Ng6+
46. Kf3 Rd8 47. Ke4 Re8+ 48. Kd3 Ne5+ 49. Kc3 Rc8+ 50. Kb3 Ke7 51. h4 Rg8 52.
g4 Nxg4 53. Re4+ Kd6 54. Re6+ Kxd5 55. Rxb6 Rg7 56. h5 Rh7 57. Kb4 Ne5 58. a4
Nd3+ 59. Ka3 Ne5 60. Kb4 Nd3+ 61. Ka3 Ne5 62. Kb4 Nd3+ 1/2-1/2

[Event "East Detroit (MCO/4)"]
[Site "?"]
[Date "1983.??.??"]
[Round "?"]
[White "Harrold, Alvin"]
[Black "Griffin, John"]
[Result "1-0"]
[WhiteElo "1820"]
[BlackElo "1605"]
[PlyCount "101"]
[EventDate "1983.??.??"]

1. d4 d5 2. c4 e6 3. Nf3 Nf6 4. Bg5 Be7 5. Nc3 h6 6. Bh4 O-O 7. e3 b6 8. cxd5
exd5 9. Bd3 Nbd7 10. O-O c5 11. Rc1 Bb7 12. Bf5 Ne4 13. Bxe7 Qxe7 14. dxc5 Nxc3
15. Rxc3 Nxc5 16. Qc2 Bc8 17. Bxc8 Rfxc8 18. b4 Qe4 19. bxc5 Qxc2 20. Rxc2 Rxc5
21. Rfc1 Rac8 22. Rxc5 bxc5 23. Kf1 f6 24. Nd2 Kf7 25. e4 Ke6 26. exd5+ Kxd5
27. Nc4 Rc6 28. Ke2 Ra6 29. Ne3+ Ke6 30. Rc2 h5 31. Kd3 g6 32. Kc4 Ra5 33. Rd2
a6 34. Nd5 Ra4+ 35. Kxc5 Ra5+ 36. Kc6 Ra4 37. Re2+ Kf5 38. g3 Ra5 39. Ne3+ Kg5
40. h4+ Kh6 41. Nd5 Kg7 42. Nc7 Ra4 43. Kb6 f5 44. Nxa6 f4 45. Nc5 Rb4+ 46. Ka5
fxg3 47. Kxb4 g2 48. Re1 Kf6 49. Rg1 g5 50. hxg5+ Kxg5 51. Rxg2+ 1-0